Lies, damn lies and assessments (Record no. 72135)

MARC details
000 -LEADER
fixed length control field 01322cam a2200253 4500
001 - CONTROL NUMBER
control field ABS66441
008 - FIXED-LENGTH DATA ELEMENTS--GENERAL INFORMATION
fixed length control field 030219n2003 000 0 eng u
035 ## - SYSTEM CONTROL NUMBER
System control number (Sirsi) u121396
100 ## - MAIN ENTRY--PERSONAL NAME
Personal name Bright, J.
245 ## - TITLE STATEMENT
Title Lies, damn lies and assessments
260 ## - PUBLICATION, DISTRIBUTION, ETC.
Date of publication, distribution, etc. 2003
490 ## - SERIES STATEMENT
Series statement Housing Today
Volume/sequential designation (316) 16 January 2003, 16-18(3)
520 ## - SUMMARY, ETC.
Summary, etc. Criticises the new ODPM fit for purpose assessment under the Housing Investment Programme (HIP) which has judged that only one in 10 English housing authorities has drawn up a housing business plan or strategy deemed fit for purpose, a figure which ignores the full operational context in which housing authorities work. The fit for purpose assessment impacts on a council's HIP rating which is linked to funding and on its comprehensive performance assessment (CPA) scoring. The exercise was more burdensome for smaller authorities and the 2002 submission was marred by the late issue of guidance and the short time available to produce the submission.
590 ## - LOCAL NOTE (RLIN)
Local note ABS
650 ## - SUBJECT ADDED ENTRY--TOPICAL TERM
Topical term or geographic name entry element BUSINESS PLANS
650 ## - SUBJECT ADDED ENTRY--TOPICAL TERM
Topical term or geographic name entry element LOCAL AUTHORITIES
650 ## - SUBJECT ADDED ENTRY--TOPICAL TERM
Topical term or geographic name entry element HOUSING AUTHORITIES
650 ## - SUBJECT ADDED ENTRY--TOPICAL TERM
Topical term or geographic name entry element HOUSING INVESTMENT PROGRAMME
650 ## - SUBJECT ADDED ENTRY--TOPICAL TERM
Topical term or geographic name entry element HOUSING POLICIES
650 ## - SUBJECT ADDED ENTRY--TOPICAL TERM
Topical term or geographic name entry element HOUSING STRATEGIES
650 ## - SUBJECT ADDED ENTRY--TOPICAL TERM
Topical term or geographic name entry element PERFORMANCE ASSESSMENT
690 ## - LOCAL SUBJECT ADDED ENTRY--TOPICAL TERM (OCLC, RLIN)
Topical term or geographic name as entry element Affordable housing
9 (RLIN) 6215
942 ## - ADDED ENTRY ELEMENTS (KOHA)
Suppress in OPAC 0
Holdings
Withdrawn status Lost status Source of classification or shelving scheme Damaged status Not for loan Home library Current library Shelving location Date acquired Total Checkouts Full call number Barcode Date last seen Copy number Price effective from Koha item type
    Dewey Decimal Classification     London London Journal article 19/02/2003   ABS66441 121396-1001 06/08/2019 1 06/08/2019 Journal article